00736 2200277 4500001002100000005001700021008004100038020001800079035002400097082000800121090002000129100001900149245006500168250001100233260003100244300001800275500003200293500002500325650002600350700001400376850001300390980001300403985000600416986001300422999002300435YOGYA-0209000005815620090227034332.0 ind  a979-413-925-4 0010-020900000058156 a266 a266bRya YlDEP aRYAN, Thomas F aYesus di CinacThomas F. Ryan ; diterjemahkan oleh I. Wibowo aCet. 1 aYogyakartabKanisiusc1993 a84 hlmc21 cm aJudul asli : Jesus in China aBibliografi : hlm 84 aMisi (Kristiani) Cina aWIBOWO, I aYOPDYOGM a29-12-05 a1 aSwdRTREV a1993-133 h CB-D.11